|
|
|
|
| LEADER |
00000nab#a22000007a#4500 |
| 001 |
arbauad030858 |
| 003 |
AR-BaUAD |
| 005 |
20250711112518.0 |
| 008 |
980424|||||||||###||||||b###|0###a|spa|| |
| 040 |
|
|
|a AR-BaUAD
|c AR-BaUAD
|b spa
|
| 245 |
1 |
0 |
|a Distretto culturale di St. Pölten
|
| 300 |
0 |
|
|b fot., plamtas, cortes
|
| 653 |
|
|
|a HOLLEIN, HANS
|
| 653 |
|
|
|a BILY, KARIN
|
| 653 |
|
|
|a KATZBERGER, PAUL
|
| 653 |
|
|
|a LOUDON, MICHAEL
|
| 653 |
|
|
|a EDIFICIOS CULTURALES
|
| 653 |
|
|
|a AUSTRIA
|
| 653 |
|
|
|a CENTROS DE EXPOSICIONES
|
| 773 |
0 |
|
|t DOMUS
|g Nº798 [nov. 1997], p. 44-47
|
| 942 |
|
|
|c ARTI
|
| 952 |
|
|
|0 0
|1 0
|4 0
|7 0
|9 75777
|a AR-BAuAD
|b AR-BAuAD
|d 2025-07-11
|l 0
|p AAQA030858
|r 2025-07-11 11:25:18
|w 2025-07-11
|y ARTI
|
| 990 |
|
|
|a AQ199
|b TD
|
| 998 |
|
|
|a AAQ
|b BIBUN76
|
| 999 |
|
|
|c 55450
|d 55450
|